Countries with the most French people - Statistics

General Stats
  • This quiz has been taken 84 times
  • The average score is 11 of 14
Answer Stats
Amount Answer % Correct
64,3m France
99%
11,5m United States
97%
7m Canada
96%
104k Germany
95%
94k United Kingdom
95%
130k Italy
93%
100k Spain
93%
123k Belgium
87%
73k Switzerland
83%
117k Australia
79%
1m Brazil
77%
1,6k Poland
61%
25k Luxembourg
44%
500k Chile
33%
No matching quizzes found
Score Distribution
Percent of People with Each Score
Percentile by Number Answered
Your Score History
You have not taken this quiz